| 000 | 00680nam a2200217 i 4500 | ||
|---|---|---|---|
| 001 | 8956 | ||
| 003 | ES-MaACL | ||
| 005 | 20230906145554.0 | ||
| 007 | t| | ||
| 008 | 921117s1985 sp ||||1| spa d | ||
| 020 | _a84-85206-07-X | ||
| 080 | _a382.6(46) | ||
| 245 | 0 | 0 |
_aNormas de calidad comercio exterior / _cSOIVRE. |
| 260 |
_aMadrid : _bCastro : _bInstituto Nacional de Fomento de la Exportación, _cD.L. 1985. |
||
| 300 |
_a828 p. ; _c28 cm. |
||
| 651 | 4 |
_aEspaña- _xComercio exterior. _98178 |
|
| 710 | 2 |
_aSOIVRE. _96875 |
|
| 710 | 2 |
_aInstituto Nacional de Fomento de la Exportación (España) _95164 |
|
| 740 | 0 | _aNormas SOIVRE. | |
| 852 |
_aES-MaACL _jL-16341 _bR.119842 |
||
| 999 |
_c8956 _d8956 |
||